| 000 | 01040nam a2200241Ia 4500 | ||
|---|---|---|---|
| 003 | OSt | ||
| 005 | 20200803174353.0 | ||
| 008 | 191128s1997 ck fr 000 0 spa d | ||
| 020 | _a9586163237 | ||
| 040 |
_aCO-JMCR _cCO-JMCR |
||
| 041 | 0 | _aspa | |
| 082 | 0 | 4 |
_a342.86 / _bR436d1 _223 |
| 100 | 1 |
_aRestrepo Piedrahita, Carlos, _ecompilador _9442 |
|
| 245 | 1 | 0 |
_aDocumentos para la historia del constitucionalismo colombiano / _cCarlos Restrepo Piedrahita |
| 250 | _aPrimera edición | ||
| 260 |
_aBogotá : _bUniversidad Externado de Colombia, _c1997 |
||
| 300 |
_a361 Páginas ; _c21 cm. |
||
| 490 | 0 |
_aDocumentos para la historia del constitucionalismo colombiano ; _v1 |
|
| 505 | 0 | _aConstitución de la República de Colomba, 1821 -- Estoy cansado de mandar y de tener responsabilidades. -- Como el sol que, firme en su centro, de vida al universo -- La constitución boliviana debe producir una revolución moral. | |
| 651 | 4 |
_aColombia _xconstitución _98274 |
|
| 651 | 4 |
_aColombia _xhistoria constitucional _97710 |
|
| 942 |
_2ddc _cBK |
||
| 999 |
_c4156 _d4156 |
||